| 000 | 00514nam a2200181 a 4500 | ||
|---|---|---|---|
| 001 | 1771663883719 | ||
| 003 | YourLibrary | ||
| 005 | 20260221142343.0 | ||
| 008 | 260221s2006##################000#0#eng## | ||
| 020 | _a9781845424046 | ||
| 082 | 0 | 4 |
_a338.477 _bAND |
| 100 | 1 |
_aAndersson, Åke E., _eauthor. |
|
| 245 | 1 | 0 | _aThe Economics of Experiences, the Arts and Entertainment : |
| 260 |
_bEdward Elgar Publishing, _c2006. |
||
| 650 | 0 | _aAmusements. | |
| 942 | _cENGLISH | ||
| 040 |
_aYourLibrary _beng _cYourLibrary |
||
| 999 |
_c615088 _d615088 |
||